Culture Générale - Série 470 - Statistiques

Statistiques générales
  • Ce quiz a été pris 185 fois
  • Le résultat moyen est 4 sur 10
Statistiques - réponses
Question Réponse % Correct
Avec le Brésil, quel pays a une frontière terrestre avec la Guyane française ? Suriname
72%
Dans quelle commune guyanaise se situe la base de lancement de la fusée Ariane ? Kourou
68%
Quel est le numéro de département de la Guyane ? 973
59%
Dans les pays anglo‐saxons, à combien de pouces équivaut un pied ? 12
53%
Dans la série "Friends", lequel des six amis est paléontologue ? Ross
50%
Quel coquillage comestible appelle‐t‐on "pied‐de‐cheval" quand il est de grande taille ? huître
48%
Quel chanteur populaire est né en 1917 à Cayenne ? Henri Salvador
44%
En 1663, quel ministre français a organisé la colonisation de la Guyane ? Colbert
27%
Quel footballeur, surnommé "le Félin", est originaire de Guyane ? Bernard Lama
13%
Sous quel nom sont aujourd'hui regroupées l'île Saint‐Joseph, l'île Royale et l'île du Diable, qui accueillirent des établissements pénitentiaires ? îles du Salut
5%
Aucun quiz correspondant
Distribution des résultats
% des personnes avec chaque résultat
Percentile par nombre de réponses
Votre historique - résultats
Vous n’avez pas pris ce quiz